书目信息 |
| 题名: |
遗传学
|
|
| 作者: | 李惟基 主编 | |
| 分册: | ||
| 出版信息: | 北京 国家开放大学出版社 2020.12 |
|
| 页数: | 218页 | |
| 开本: | 26cm | |
| 丛书名: | ||
| 单 册: | ||
| 中图分类: | Q3 | |
| 科图分类: | ||
| 主题词: | 遗传学--开放教育--教材 | |
| 电子资源: | ||
| ISBN: | 978-7-304-10692-8 | |
| 000 | 00843nam0 2200253 45 | |
| 001 | 012001002839 | |
| 005 | 20211020091050.30 | |
| 010 | @a978-7-304-10692-8@dCNY34.00 | |
| 100 | @a20210514d2020 em y0chiy50 ea | |
| 101 | 0 | @achi |
| 102 | @aCN@b110000 | |
| 105 | @aa z 000yy | |
| 106 | @ar | |
| 200 | 1 | @a遗传学@Ayi chuan xue@b专著@f李惟基主编 |
| 205 | @a2版 | |
| 210 | @a北京@c国家开放大学出版社@d2020.12 | |
| 215 | @a218页@c图@d26cm | |
| 300 | @a开放教育融媒体教材 | |
| 330 | @a本书除绪论外,共九章,主要内容包括:遗传的物质基础、遗传信息的贮存、遗传的基本规律、数量性状的遗传、细胞质遗传、群体遗传与进化、基因突变、染色体变异、遗传工程。书后附有遗传学实验指导。 | |
| 606 | 0 | @a遗传学@x开放教育@j教材 |
| 690 | @aQ3@v5 | |
| 701 | 0 | @a李惟基@Ali wei ji@4主编 |
| 801 | 2 | @aCN@bBJSDL@c20211018 |
| 905 | @b1350531-4@dQ3@e100=2@f4 | |
| 遗传学/李惟基主编.-2版.-北京:国家开放大学出版社,2020.12 |
| 218页:图;26cm |
| 开放教育融媒体教材 |
| ISBN 978-7-304-10692-8:CNY34.00 |
| 本书除绪论外,共九章,主要内容包括:遗传的物质基础、遗传信息的贮存、遗传的基本规律、数量性状的遗传、细胞质遗传、群体遗传与进化、基因突变、染色体变异、遗传工程。书后附有遗传学实验指导。 |
| ● |
| 相关链接 |
|
|
|
|
正题名:遗传学
索取号:Q3/100=2
 
预约/预借
| 序号 | 登录号 | 条形码 | 馆藏地/架位号 | 状态 | 备注 |
| 1 | 1350531 | 213505312 | 第二样本阅览室/ [索取号:Q3/100=2] | 在馆 | |
| 2 | 1350532 | 213505321 | 第三借阅区/ [索取号:Q3/100=2] | 在馆 | |
| 3 | 1350533 | 213505330 | 第三借阅区/ [索取号:Q3/100=2] | 在馆 | |
| 4 | 1350534 | 213505349 | 第三借阅区/ [索取号:Q3/100=2] | 在馆 |